Rechtsgeschichte und Privatrechtsdogmatik

Furkejuvvon:
Bibliográfalaš dieđut
Váldodahkkit: Zimmermann, Reinhard (Dahkki), Knütel, Rolf (Dahkki), Meincke, Jens Peter (Dahkki)
Materiálatiipa: Girji
Giella:duiskkagiella
Almmustuhtton: Heidelberg C.F. Müller Verlag 1999
Preanttus:1a. ed
Fáttát:
Fáddágilkorat: Lasit fáddágilkoriid
Eai fáddágilkorat, Lasit vuosttaš fáddágilkora!

MARC

LEADER 00000nam a2200000 a 4500
001 UCJ9444
003 CL-VaPUC
008 070316e19990000GW |||||||||||||||||ger|d
020 |a 3811499157 
082 0 4 |a 340.1  |b ZIM  |2 21 
100 0 |a Zimmermann, Reinhard  |e author  |9 519472 
700 0 |a Knütel, Rolf  |e author  |9 519473 
700 0 |a Meincke, Jens Peter   |e author  |9 519474 
245 1 0 |a Rechtsgeschichte und Privatrechtsdogmatik  
250 |a 1a. ed 
300 |a 722 p 
942 |c BK 
945 |d 20070316 00:00:00  |a lvergara 
260 |a Heidelberg  |b C.F. Müller Verlag  |c 1999 
650 7 |a HISTORIA DEL DERECHO ALEMAN  |2 CL-VaPUC  |9 400954 
650 0 |a Derecho constitucional   |9 222588 
650 0 |a Derecho civil  |9 255013 
650 0 |a Derecho europeo  |9 391498 
650 7 |a HISTORIA DEL DERECHO EUROPEO  |2 CL-VaPUC  |9 519475 
650 0 |a Derecho alemán   |9 385144 
651 0 |a Alemania  |9 255688 
651 0 |a Europa  |9 255156 
583 |a last modification  |c 20070316 00:00:00  |k Rodrigo Vera 
999 |c 324968  |d 324966